Statistics for French Words

Click here to take the quiz!

General Stats

  • This quiz has been taken 46 times
  • The average score is 13 of 15

Answer Stats

French WordAnswer% Correct
PourquoiWhy
100%
JeI
98%
DormirSleep
98%
VoitureCar
93%
MangerEat
93%
JambonHam
88%
TeteHead
88%
JoliePretty
88%
BoireDrink
81%
CheveuxHair
81%
FaimHungry
81%
ParlerTalk
79%
NagerSwim
76%
JupeSkirt
69%
DoightRight
43%

Score Distribution

Percentile by Number Answered

Percent of People with Each Score

Your Score History

You have not taken this quiz